00476nam a22001692 4500001001100000005001700011008004100028020001700069040001500086100003300101245007400134250001300208260003500221300001200256610003500268852000300303000001857420151217161145.0100211s xx 000 0 eng d a184353651x : aKABUcKABU1 aTrillo, Richard.@000017788314aThe Rough guide to Kenya /cwritten and researched by Richard Trillo. a8th ed. aLondon :bRough Guides,c2006. a733 p.20aKenyaxGuidebooks.@00001502151